Suelos y bosques de Colombia (Registro nro. 1758)

Detalles MARC
000 -CABECERA
Campo de control 00449nam a2200181 a 4500
090 ## - CLASIFICACIÓN LOCAL
Colección RE
Consecutivo 00020
041 ## - IDIOMA
Código de idioma para texto/pista de sonido o título separado Español
110 ## - ASIENTO PRINCIPAL--NOMBRE CORPORATIVO
Unidad subordinad Instituto Geográfico Agustín Codazzi, IGAC
245 ## - MENCION DE TITULO
Título Suelos y bosques de Colombia
260 ## - PUBLICACION, DISTRIBUCION, ETC. (PIE DE IMPRENTA)
Lugar de publicación, distribución, etc. Bogotá
Nombre del editor, distribuidor, etc. IGAC
Fecha de publicación, distribución, etc. 1988
300 ## - DESCRIPCION FISICA
Extensión 134 p.
650 ## - ASIENTO SECUNDARIO DE MATERIA - TERMINO TEMATICO
Término temático o nombre geográfico como elemento de entrada Suelos
650 ## - ASIENTO SECUNDARIO DE MATERIA - TERMINO TEMATICO
Término temático o nombre geográfico como elemento de entrada Cobertura vegetal
650 ## - ASIENTO SECUNDARIO DE MATERIA - TERMINO TEMATICO
Término temático o nombre geográfico como elemento de entrada Bosques
650 ## - ASIENTO SECUNDARIO DE MATERIA - TERMINO TEMATICO
Término temático o nombre geográfico como elemento de entrada Mapas
662 ## - ASIENTO SECUNDARIO DE MATERIA - JERARQUIA DEL NOMBRE DE LUGAR(
País o entidad mayor Colombia
942 ## - ELEMENTOS ADICIONALES (KOHA)
Tipo de ítem
Existencias
Withdrawn status Lost status Sistema de Clasificación Damaged status No para préstamo Ubicación Permanente Ubicación actual Fecha de adquisición Fuente de Valor Total Checkouts Número topográfico Inventario / Código de Barras Date last seen Ejemplar Price effective from Forma de adquisición Tipo de material
    Local     Bogotá Bogotá 09/11/1999 Instituto de Desarrollo de los Recursos Naturales Renovables y del Ambiente   MC-00363 003787 04/12/2012 Ej. 1 04/12/2012 Donación Mapa